English for electrical engineers

Bibliographic Details
Main Author: McAllister, James
Format: Book
Published: London : Longman Group Limited , 1976
Subjects:

MARC

LEADER 00000cam a2200000 7i4500
001 0000008372
002 000009127
005 20000330.0
020 |a 0582524377 
090 0 0 |a 621.307   |b MCA 
100 1 |a McAllister, James 
245 1 0 |a English for electrical engineers   |c James McAllister 
260 |a London :   |b Longman Group Limited ,   |c 1976 
300 |a 296p. ;   |c 17cm. 
650 0 0 |a Electrical engineering   |x Study guides 
999 |a 0005206   |b BUKU   |c PINJAMAN   |e PERPUSTAKAAN KOMUNITI PETALING JAYA